| 000 | 00445cam a2200169ua 4500 | ||
|---|---|---|---|
| 020 | _c795.00 | ||
| 041 |
_aeng _h |
||
| 082 |
_a574.1928 _bROS/PR |
||
| 100 | _aRosenberg, Ian M . | ||
| 245 |
_aProtein analysis and purification: benchtop techniques / _cIan M Rosenberg. _hTextual Documents |
||
| 260 |
_aBoston : _bBirkhauser , _c2007. |
||
| 300 | _a520 ; . | ||
| 365 | _a795.00 | ||
| 504 | _a | ||
| 942 | _cBK | ||
| 999 |
_c13174 _d13174 |
||